000 00763nam a2200241 i 4500
001 9970
003 ES-MaACL
005 20230906145808.0
007 t|
008 940622s1993 xxk ||||1| eng d
020 _a1-85381-052-5
080 _a82.0(73)-32"19"
080 _a82.0(73)(Bowles,J.3.01)
100 1 _aBowles, Jane.
_931143
245 1 0 _aEverything is nice
_b: the collected stories /
_cJane Bowles ; with a new introduction by Paul Bowles.
260 _aLondon :
_bVirago,
_ccop. 1989 (
_g1993 repr.)
300 _a[10], 237 p. ;
_c20 cm.
490 1 _aVirago modern classics ;
_v328
700 1 _aBowles, Paul.
_931146
830 0 _aVirago modern classics ;
_v328
_9228087
852 _aES-MaACL
_jL-17517
_bR.122241
999 _c9970
_d9970